Ethnicity and nationalism : anthropological perspectives (Record no. 42538)

MARC details
000 -LEADER
fixed length control field 00777nam a2200217 a 4500
008 - FIXED-LENGTH DATA ELEMENTS--GENERAL INFORMATION
fixed length control field 120416s1993 ||||||||||||||||| || u
020 ## - INTERNATIONAL STANDARD BOOK NUMBER
International Standard Book Number 0745307000
050 ## - LIBRARY OF CONGRESS CALL NUMBER
Classification number GN 495.6 Eri
100 ## - MAIN ENTRY--PERSONAL NAME
Personal name Eriksen, Thomas Hylland
245 10 - TITLE STATEMENT
Title Ethnicity and nationalism : anthropological perspectives
260 ## - PUBLICATION, DISTRIBUTION, ETC.
Place of publication, distribution, etc. London
Name of publisher, distributor, etc. Pluto Press
Date of publication, distribution, etc. 1993
300 ## - PHYSICAL DESCRIPTION
Extent ix, 179p. : ill.
350 ## - PRICE (NR) (BK AM CF MU VM SE) [OBSOLETE]
Price 0.00
490 ## - SERIES STATEMENT
Series statement Anthropology, culture, and society
500 ## - GENERAL NOTE
General note Includes bibliographical references (p. 163-173) and index.
650 ## - SUBJECT ADDED ENTRY--TOPICAL TERM
Topical term or geographic name entry element ANTHROPOLOGY
650 ## - SUBJECT ADDED ENTRY--TOPICAL TERM
Topical term or geographic name entry element ETHNICITY
650 ## - SUBJECT ADDED ENTRY--TOPICAL TERM
Topical term or geographic name entry element NATIONALISM
650 ## - SUBJECT ADDED ENTRY--TOPICAL TERM
Topical term or geographic name entry element ETHNIC GROUPS
995 ## - RECOMMENDATION 995 [LOCAL, UNIMARC FRANCE]
-- 0.00
-- CBU-MAIN LIBRARY (Kitwe)
-- 1
-- 25.00
-- 1
-- AVAILABLE
-- Main Library Open Access Collection
Holdings
Withdrawn status Lost status Source of classification or shelving scheme Damaged status Not for loan Home library Current library Shelving location Date acquired Total Checkouts Full call number Barcode Date last seen Price effective from Koha item type
          CBU-MAIN LIBRARY, KITWE. CBU-MAIN LIBRARY, KITWE.   11/30/2022   GN 495.6 Eri 015469 11/30/2022 11/30/2022 MONOGRAPH